000 00471nam a2200181Ia 4500
008 131103s9999 xx 000 0 und d
040 _aLoreto College
041 _aEnglish
082 _aMIS/PRI
_bLCBED/4263
100 _aPriestley, H.E.
245 _aWhen we leave school
_cH.E.Priestley & W.T.Phillips
260 _aLondon
_bMetuen
_c1954
300 _a89p.
_b pic.
_c 19cm.
650 _aMis
700 _aPhillips, W.T.
850 _aLCBED/MIS/PRI
942 _cBK
999 _c34349
_d84828